000 00913nam a2200289Ia 4500
005 20220316235317.0
008 121119s1985 ck a gr 000 0 spa
020 _a9580404666
041 0 _aspa
082 0 4 _a657.42
_bH17c
100 1 _aHargadon, Bernard Joseph ,
245 1 0 _aContabilidad de costos
_cBernard J. Hargadon, Armando Munera Cardenas
250 _aPrimera edición
264 1 _aBogotá
_bNorma
_c1985
300 _a313 páginas
_bilustraciones
336 _atexto
_btxt
_2rdacontent
337 _asin mediación
_bn
_2rdamedia
338 _avolumen
_bnc
_2rdacarrier
490 0 _aDesarrollo gerencial
650 1 4 _2LEMB
_aContabilidad de costos
650 1 4 _2LEMB
_aCosto por procesos
650 1 4 _2LEMB
_aCostos
650 1 4 _2LEMB
_aEstados de costos de producción y venta
700 1 _aMúnera Cárdenas, Armando
_9117581
942 _2ddc
_cBK
040 _aCO-BoRNBP
_bspa
_erda
_cCO-BoRNBP
999 _c567
_d567